[Event "Stuttgart-chB int"]
[Site "Ditzingen"]
[Date "2006.05.27"]
[Round "5"]
[White "Polarczyk, Thomas"]
[Black "Held, Siegfried"]
[Result "1/2-1/2"]
[WhiteElo "1122"]
[BlackElo "1314"]
[PlyCount "45"]
[EventDate "2006.05.25"]
[EventType "swiss"]
[EventRounds "7"]
[EventCountry "GER"]
[SourceTitle "EXT 2018"]
[Source "ChessBase"]
[SourceDate "2017.10.13"]
[SourceVersion "1"]
[SourceVersionDate "2017.10.13"]
[SourceQuality "1"]

1. e4 e5 2. Nf3 d6 3. d4 exd4 4. Nxd4 c5 5. Nf3 Be7 6. Bc4 Nc6 7. 0-0 Be6 8. Bxe6 fxe6 9. Nc3 a6 10. b3 Bf6 11. Bb2 Nge7 12. Re1 0-0 13. Qd3 Nb4 14. Qd2 b5 15. a3 Nbc6 16. Rab1 b4 17. axb4 cxb4 18. Ne2 Qc7 19. Bxf6 Rxf6 20. Ng3 Rd8 21. Rbd1 a5 22. h3 e5 23. Re3 1/2-1/2

[Event "Stuttgart-chB int"]
[Site "Ditzingen"]
[Date "2006.05.26"]
[Round "4"]
[White "Botond, Laszlo"]
[Black "Held, Siegfried"]
[Result "1-0"]
[WhiteElo "1701"]
[BlackElo "1314"]
[PlyCount "73"]
[EventDate "2006.05.25"]
[EventType "swiss"]
[EventRounds "7"]
[EventCountry "GER"]
[SourceTitle "EXT 2018"]
[Source "ChessBase"]
[SourceDate "2017.10.13"]
[SourceVersion "1"]
[SourceVersionDate "2017.10.13"]
[SourceQuality "1"]

1. f4 e6 2. Nf3 d5 3. d4 c5 4. e3 Nc6 5. c3 Nf6 6. Bd3 Be7 7. 0-0 cxd4 8. exd4 0-0 9. Ne5 h6 10. Nd2 Nd7 11. Ndf3 Re8 12. Bc2 Nf8 13. Nxc6 bxc6 14. Ne5 Bb7 15. f5 Bf6 16. fxe6 Rxe6 17. Bf5 Rd6 18. Bf4 Bg5 19. Qd3 Bxf4 20. Rxf4 Rf6 21. Raf1 Ng6 22. Nxg6 fxg6 23. Bxg6 Kh8 24. Rxf6 gxf6 25. Qf5 Kg7 26. Bh5 Kh8 27. Qg6 Qe7 28. Qxh6+ Qh7 29. Qxf6+ Qg7 30. Qxg7+ Kxg7 31. Rf7+ Kh6 32. Rxb7 Kxh5 33. Rc7 Rb8 34. b3 Re8 35. Rxc6 Re1+ 36. Kf2 Ra1 37. Ra6 1-0